| 000 | 00615cam a2200217 4500500 | ||
|---|---|---|---|
| 005 | 20260329004827.0 | ||
| 041 | _afre | ||
| 042 | _adc | ||
| 100 | 1 | 0 |
_aPortevin, Catherine _eauthor |
| 245 | 0 | 0 | _aLe Saut épique |
| 260 | _c2021. | ||
| 500 | _a67 | ||
| 690 | _aDéradicalisation | ||
| 690 | _aDjihad | ||
| 690 | _aFethi Benslama | ||
| 690 | _aIslam | ||
| 690 | _aIslamisme | ||
| 690 | _aRadicalisation | ||
| 786 | 0 | _nPhilosophie magazine | 149 | 5 | 2021-05-01 | p. 89-89 | 1951-1787 | |
| 856 | 4 | 1 | _uhttps://shs.cairn.info/magazine-philosophie-magazine-2021-5-page-89?lang=fr&redirect-ssocas=7080 |
| 999 |
_c1837693 _d1837693 |
||